000 01292cam a2200313 i 4500
999 _c127993
_d127993
001 19364544
003 ARRUPE
005 20180508125046.0
008 161104r20161939enk b 001 0 eng
010 _a 2016958910
020 _a9781349950751 (paperback : acidfree paper)
020 _z9781349950768 (eBook)
040 _aDLC
_beng
_erda
_cDLC
042 _apcc
050 0 0 _aJX3001
_b.C3 1964
100 1 _aCarr, Edward Hallett,
_d1892-1982,
_eauthor.
_941675
245 1 4 _aThe twenty years' crisis, 1919-1939 /
_cE.H. Carr ; reissued with a new preface from Michael Cox.
300 _acxxiv, 233 pages ;
_c21 cm
500 _aOriginally published: 1939.
504 _aIncludes bibliographical references and index.
650 0 _aInternational relations
_xHistory
_y20th century.
_941676
650 0 _aWorld politics
_y1900-1945.
_941677
700 1 _aCox, Michael,
_d1947-
_eauthor of introduction.
_941678
906 _a7
_bcbc
_corignew
_d2
_eepcn
_f20
_gy-gencatlg
942 _2lcc
_cMONOGRAPH